000 00902nac a22002777a 4500
001 BR8502294
003 BR-BrBNA
005 20240105120314.0
008 230509b bl.|||m| |||| 00| 0 por d
040 _aBR-BrBNA
_bpor
_cBiblioteca Nacional de Agricultura
072 _aK50
090 _a8901 BR8502294
100 1 _aMoreschi, J.C.
110 1 _aFundacao de Pesquisas Florestais do Parana, Curitiba (Brasil)
_94874
245 1 _aTratamento de compensados e chapas de composicao com retardantes de fogo e preservativos-revisao
260 3 _aCuritiba, PR (Brasil):
_c1983.
300 _a29 p.
490 _aSerie Tecnica - Fundacao de Pesquisas Florestais do Parana (Brazil)
_vno. 11
_x
500 _a45 ref.
650 _aCOMPENSADO
650 _aRESISTENCIA
650 _aPRESERVATIVO
650 _aMADEIRA
909 _a202312
_bLúcia Elande
_c55
_dLúcia Elande
942 _2AGRIS
_n0
_cMS
999 _c278779
_d278779